<?xml version="1.0" encoding="UTF-8"?>
<record
    xmlns:xsi="http://www.w3.org/2001/XMLSchema-instance"
    xsi:schemaLocation="http://www.loc.gov/MARC21/slim http://www.loc.gov/standards/marcxml/schema/MARC21slim.xsd"
    xmlns="http://www.loc.gov/MARC21/slim">

  <leader>03040nam a22002657a 4500</leader>
  <datafield tag="999" ind1=" " ind2=" ">
    <subfield code="c">33186</subfield>
    <subfield code="d">33186</subfield>
  </datafield>
  <controlfield tag="003">BI-BuBU</controlfield>
  <controlfield tag="008">160115t2015    bd ||||dr|||| 000 0 fre d</controlfield>
  <datafield tag="037" ind1=" " ind2=" ">
    <subfield code="b">Don de l' auteur</subfield>
  </datafield>
  <datafield tag="039" ind1=" " ind2=" ">
    <subfield code="a">2016011509499.0</subfield>
    <subfield code="b">Marie Goretti Ndayizeye</subfield>
  </datafield>
  <datafield tag="040" ind1=" " ind2=" ">
    <subfield code="a">BI-BuBU</subfield>
    <subfield code="b">fre</subfield>
    <subfield code="c">BI-BuBU</subfield>
  </datafield>
  <datafield tag="041" ind1="0" ind2=" ">
    <subfield code="a">fre</subfield>
  </datafield>
  <datafield tag="080" ind1=" " ind2=" ">
    <subfield code="a">658.15</subfield>
  </datafield>
  <datafield tag="100" ind1="1" ind2=" ">
    <subfield code="4">aut.</subfield>
    <subfield code="a">Gitabu,  Aimable</subfield>
  </datafield>
  <datafield tag="245" ind1="1" ind2="0">
    <subfield code="a">Gestion du portefeuille d'activit&#xE9;s de la R&#xE9;gie Nationale des Postes</subfield>
    <subfield code="c">par Aimable Gitabu ; Charles Kabwigiri, directeur</subfield>
  </datafield>
  <datafield tag="260" ind1=" " ind2=" ">
    <subfield code="a">Bujumbura</subfield>
    <subfield code="b">Universit&#xE9; du Burundi, Facult&#xE9; des Sciences Economiques et Administratives</subfield>
    <subfield code="c">2015</subfield>
  </datafield>
  <datafield tag="300" ind1=" " ind2=" ">
    <subfield code="a">IX-80 f.</subfield>
    <subfield code="c">30 cm.</subfield>
  </datafield>
  <datafield tag="500" ind1=" " ind2=" ">
    <subfield code="a">M&#xE9;moire pr&#xE9;sent&#xE9; et d&#xE9;fendu publiquement en vue de l' obtention du gade de licenci&#xE9; en Sciences Economiques et Administratives.
Option : Gestion et Administration</subfield>
  </datafield>
  <datafield tag="520" ind1=" " ind2=" ">
    <subfield code="a">R&#xE9;sum&#xE9;,

Ce travail de recherche intitul&#xE9; " GESTION DU PORTEFEUILLE D'ACTIVIES DE LA REGIE NATONALE DE POSTES" se propose d'analyser les strat&#xE9;gies de gesons du portefeuille d'activit&#xE9;s de la RNP en mati&#xE8;re d'allocation rationnelle des ressources dans ses domaines d'activit&#xE9;s strat&#xE9;giques. L'&#xE9;tude a &#xE9;t&#xE9; faite sur la p&#xE9;riode allant de 2009 &#xE0; 2013.


Dans le premier chapitre intitul&#xE9; CADRE CONCEPTUEL DE L'ETUDE, nous avons pass&#xE9; en revue les th&#xE9;ories sur la gestion du portefeuille, sur la strat&#xE9;gie de gestion de la notion de portefeuille d'activit&#xE9;s et nous avons mis en exergue les outils d'analyse de la gestions du portefeuille d'activit&#xE9;s.

Dans le second chapitre intitul&#xE9; PRESENTATION DE LA RNP ET DE SON PORTEFEUILLE D'ACTIVITES, il est question de pr&#xE9;senter la RNP et analyser les strat&#xE9;gies de gestion du portefeuille d'activit&#xE9;s la RNP : les strat&#xE9;gies g&#xE9;n&#xE9;riques et les strat&#xE9;gies concurrentielles de base notamment la diff&#xE9;renciation, la domination par les co&#xFB;ts et la concentration ainsi que la strat&#xE9;gies de leader.

Dans le troisi&#xE8;me chapitre intitul&#xE9; ANALYSE DE LA GESTION DU PORTEFEUILLE D'ACTIVITES DE LA RNP, nous avons analys&#xE9; les domaines d'activit&#xE9;s strat&#xE9;giques (DAS) par la matrice Mckinsey et fait le test d'&#xE9;quilibre financier de ces DAS de la de la RNP dans le but de diagnostiquer son allocation rationnelle des ressources.

Par cons&#xE9;quent, les r&#xE9;sultats de nos analyses nous ont amen&#xE9; &#xE0; sugg&#xE9;rer &#xE0; la RNP d'am&#xE9;liorer ses strat&#xE9;gies en &#xE9;largissant des offres de services pour une meilleure utilisation des infrastructures existantes, en commanditant une &#xE9;tude sur le march&#xE9; postal en vue d'appr&#xE9;hender les principaux  acteurs, en renforcer la coop&#xE9;ration postale avec l'UPU, l'UPAP, les unions restreintes et les op&#xE9;rateurs postaux d&#xE9;sign&#xE9;s plus sp&#xE9;cialement avec ceux de l'EAC.
</subfield>
  </datafield>
  <datafield tag="650" ind1=" " ind2="7">
    <subfield code="2">BI-BuBU</subfield>
    <subfield code="a">R&#xE9;gie Nationale des Postes</subfield>
    <subfield code="x">Portefeuille d'activit&#xE9;</subfield>
    <subfield code="x">Gestion</subfield>
    <subfield code="9">124360</subfield>
  </datafield>
  <datafield tag="655" ind1=" " ind2="7">
    <subfield code="2">BI-BuBU</subfield>
    <subfield code="a">M&#xE9;moire</subfield>
    <subfield code="9">126703</subfield>
  </datafield>
  <datafield tag="700" ind1="1" ind2=" ">
    <subfield code="4">dir.</subfield>
    <subfield code="a">Kabwigiri,  Charles</subfield>
    <subfield code="9">124362</subfield>
  </datafield>
  <datafield tag="710" ind1=" " ind2=" ">
    <subfield code="a">Universit&#xE9; du Burundi</subfield>
    <subfield code="b">Facult&#xE9; des Sciences Economiques et Administratives</subfield>
    <subfield code="9">124363</subfield>
  </datafield>
  <datafield tag="942" ind1=" " ind2=" ">
    <subfield code="2">udc</subfield>
    <subfield code="c">MEM</subfield>
  </datafield>
  <datafield tag="952" ind1=" " ind2=" ">
    <subfield code="0">0</subfield>
    <subfield code="1">0</subfield>
    <subfield code="2">udc</subfield>
    <subfield code="4">0</subfield>
    <subfield code="7">1</subfield>
    <subfield code="9">48621</subfield>
    <subfield code="a">BC</subfield>
    <subfield code="b">BC</subfield>
    <subfield code="d">2016-01-15</subfield>
    <subfield code="e">Don de l' auteur</subfield>
    <subfield code="l">0</subfield>
    <subfield code="o">658.15 GIT.G</subfield>
    <subfield code="p">5010000200336</subfield>
    <subfield code="r">2016-01-15</subfield>
    <subfield code="t">1</subfield>
    <subfield code="w">2016-01-15</subfield>
    <subfield code="y">MEM</subfield>
  </datafield>
  <datafield tag="952" ind1=" " ind2=" ">
    <subfield code="0">0</subfield>
    <subfield code="1">0</subfield>
    <subfield code="2">udc</subfield>
    <subfield code="4">0</subfield>
    <subfield code="7">1</subfield>
    <subfield code="9">67905</subfield>
    <subfield code="a">BFSEA</subfield>
    <subfield code="b">BFSEA</subfield>
    <subfield code="d">2020-09-14</subfield>
    <subfield code="e">Don de l'auteur</subfield>
    <subfield code="l">0</subfield>
    <subfield code="o">658.15 GIT.G</subfield>
    <subfield code="p">5010000571702</subfield>
    <subfield code="r">2020-09-14</subfield>
    <subfield code="t">2</subfield>
    <subfield code="w">2020-09-14</subfield>
    <subfield code="y">MEM</subfield>
  </datafield>
</record>
